00304nam a2200109 a 4500008004100000050001500041100002700056245003500083260004400118300002300162350000900185120416s1983 ||||||||||||||||| || u aHG 179 Wei aWeirich, Jean Luttrell10aPersonnel financial management aBostonbLittle, Brown and Companyc1983 axviii, 604p. : ill a0.00